[Event "Sao Paulo op-C U1700 8th"]
[Site "Sao Paulo"]
[Date "2019.10.19"]
[Round "4"]
[White "Weibull, Oscar Fritiof Torb"]
[Black "Nobre, Jose Adalberto Barb"]
[Result "0-1"]
[WhiteElo "1487"]
[BlackElo "1599"]
[PlyCount "68"]
[EventDate "2019.10.17"]
[EventType "swiss"]
[EventRounds "6"]
[EventCountry "BRA"]
[SourceTitle "CBM 192 Extra"]
[Source "Chessbase"]
[SourceDate "2019.11.06"]
[SourceVersion "1"]
[SourceVersionDate "2019.11.06"]
[SourceQuality "1"]

1. d4 Nf6 2. c4 g6 3. Nc3 Bg7 4. e4 d6 5. h3 Na6 6. Be3 e5 7. d5 Nc5 8. Qc2 a5 9. Nf3 0-0 10. Be2 b6 11. Nd2 Ne8 12. g4 f5 13. exf5 gxf5 14. gxf5 Bxf5 15. Nde4 Qh4 16. Bg5 Bxe4 17. Nxe4 Qxe4 18. Qxe4 Nxe4 19. Be3 N8f6 20. 0-0-0 Rf7 21. Rhg1 Raf8 22. f3 Nc5 23. b3 Kh8 24. Rg2 Nh5 25. f4 Nxf4 26. Bxf4 Rxf4 27. Rdg1 R4f7 28. Bh5 Bh6+ 29. Kc2 Rf2+ 30. Kb1 Rxg2 31. Rxg2 Rf1+ 32. Kc2 Rc1+ 33. Kb2 Rf1 34. h4 Rf2+ 0-1

[Event "BRA-ch Amateur U1600"]
[Site "Sao Paulo"]
[Date "2019.06.22"]
[Round "6"]
[White "Weibull, Oscar Fritiof Torb"]
[Black "Laroca, Fernando"]
[Result "1/2-1/2"]
[WhiteElo "1488"]
[BlackElo "1340"]
[PlyCount "47"]
[EventDate "2019.06.20"]
[EventType "swiss"]
[EventRounds "7"]
[EventCountry "BRA"]
[SourceTitle "CBM 195 Extra"]
[Source "ChessBase"]
[SourceDate "2020.05.31"]
[SourceVersion "1"]
[SourceVersionDate "2020.05.31"]
[SourceQuality "1"]

1. d4 Nf6 2. c4 e6 3. Nf3 d5 4. Nc3 Be7 5. e3 b6 6. cxd5 Nxd5 7. Bd3 0-0 8. 0-0 Bb7 9. e4 Nxc3 10. bxc3 c5 11. Ba3 Nd7 12. e5 cxd4 13. Bxe7 Qxe7 14. cxd4 Rfd8 15. Rc1 Rac8 16. Qe2 Nf8 17. Ba6 Rxc1 18. Rxc1 Bxf3 19. Qxf3 Rxd4 20. g3 Rd8 21. Bd3 Ng6 22. Bxg6 hxg6 23. Rd1 Rxd1+ 24. Qxd1 1/2-1/2

[Event "BRA-ch Amateur U1600"]
[Site "Sao Paulo"]
[Date "2019.06.20"]
[Round "2"]
[White "Weibull, Oscar Fritiof Torb"]
[Black "Ferreira, Wagner Maria Gangin"]
[Result "1-0"]
[WhiteElo "1488"]
[BlackElo "1193"]
[PlyCount "79"]
[EventDate "2019.06.20"]
[EventType "swiss"]
[EventRounds "7"]
[EventCountry "BRA"]
[SourceTitle "CBM 195 Extra"]
[Source "ChessBase"]
[SourceDate "2020.05.31"]
[SourceVersion "1"]
[SourceVersionDate "2020.05.31"]
[SourceQuality "1"]

1. d4 Nf6 2. c4 e6 3. Nc3 Bb4 4. Nf3 Ne4 5. Qc2 Nxc3 6. bxc3 Be7 7. e4 b6 8. Bd3 Bb7 9. 0-0 d6 10. Be3 Nd7 11. a4 a5 12. Bf4 Nf6 13. e5 Nh5 14. Be3 Bxf3 15. gxf3 Bg5 16. Qd2 Bxe3 17. Qxe3 Qh4 18. Be4 Rd8 19. Bc6+ Kf8 20. c5 Nf4 21. Kh1 d5 22. Rg1 g5 23. Rg4 Qh6 24. Rag1 Rg8 25. cxb6 cxb6 26. c4 f5 27. exf6 Qxf6 28. cxd5 h5 29. Qa3+ Kf7 30. dxe6+ Qxe6 31. d5 Nxd5 32. Bxd5 Rxd5 33. Re4 Qd6 34. Qb3 Kf8 35. Rge1 Kf7 36. Re7+ Kf6 37. Qc3+ Kf5 38. Qc2+ Kf6 39. Qh7 Rf8 40. Qg7+ 1-0

[Event "Rio de Janeiro Cortinhas Memorial 3rd"]
[Site "Rio de Janeiro"]
[Date "2019.05.01"]
[Round "6"]
[White "Leite, Tarcisio Dantas Fro"]
[Black "Weibull, Oscar Fritiof Torb"]
[Result "1-0"]
[WhiteElo "1569"]
[BlackElo "1492"]
[PlyCount "45"]
[EventDate "2019.04.27"]
[EventType "swiss"]
[EventRounds "6"]
[EventCountry "BRA"]
[SourceTitle "CBM 190 Extra"]
[Source "ChessBase"]
[SourceDate "2019.07.15"]
[SourceVersion "1"]
[SourceVersionDate "2019.07.15"]
[SourceQuality "1"]

1. e4 g6 2. d4 Bg7 3. Nf3 d6 4. Bc4 e6 5. 0-0 Ne7 6. Nc3 a6 7. a4 0-0 8. Be3 h6 9. Ne2 Nd7 10. c3 d5 11. Bd3 dxe4 12. Bxe4 Nf6 13. Bc2 Ned5 14. Bd2 Bd7 15. Qc1 Kh7 16. Ne5 Be8 17. c4 Nb6 18. Ra3 Nbd7 19. Rh3 Ng8 20. Ng4 Ndf6 21. Nxh6 Nxh6 22. Bxh6 Kg8 23. Bxg7 1-0

[Event "Rio de Janeiro Andrade Memorial 2nd"]
[Site "Rio de Janeiro"]
[Date "2018.09.09"]
[Round "5"]
[White "Weibull, Oscar Fritiof Torb"]
[Black "Da Silva, Claudio Oliveira"]
[Result "0-1"]
[WhiteElo "1494"]
[BlackElo "1741"]
[PlyCount "45"]
[EventDate "2018.09.07"]
[EventType "swiss"]
[EventRounds "6"]
[EventCountry "BRA"]
[SourceTitle "CBM 186 Extra"]
[Source "ChessBase"]
[SourceDate "2018.08.24"]
[SourceVersion "1"]
[SourceVersionDate "2018.08.24"]
[SourceQuality "1"]

1. d4 d6 2. c4 Nf6 3. Nc3 g6 4. e4 Nbd7 5. Nf3 c5 6. d5 Bg7 7. Be2 0-0 8. h3 a6 9. a4 Qc7 10. 0-0 Nb8 11. Nh2 Ne8 12. g4 f5 13. exf5 gxf5 14. gxf5 Bxf5 15. Bg4 Qd7 16. Kh1 Nf6 17. Bxf5 Qxf5 18. Rg1 Kh8 19. Ng4 Nbd7 20. Be3 Ne5 21. Qe2 h5 22. Rg3 hxg4 23. hxg4 0-1

[Event "Rio de Janeiro Andrade Memorial 2nd"]
[Site "Rio de Janeiro"]
[Date "2018.09.07"]
[Round "1"]
[White "Weibull, Oscar Fritiof Torb"]
[Black "Rodrigues, Nei Jorge"]
[Result "0-1"]
[WhiteElo "1494"]
[BlackElo "1976"]
[PlyCount "42"]
[EventDate "2018.09.07"]
[EventType "swiss"]
[EventRounds "6"]
[EventCountry "BRA"]
[SourceTitle "CBM 186 Extra"]
[Source "ChessBase"]
[SourceDate "2018.08.24"]
[SourceVersion "1"]
[SourceVersionDate "2018.08.24"]
[SourceQuality "1"]

1. d4 d5 2. c4 e6 3. Nf3 a6 4. cxd5 exd5 5. Nc3 c6 6. a4 a5 7. e4 dxe4 8. Nxe4 Bf5 9. Ng3 Be6 10. Ng5 Bb4+ 11. Bd2 Qxg5 12. Bxb4 axb4 13. Bd3 Nf6 14. 0-0 Ra5 15. f4 Qh4 16. f5 Qxd4+ 17. Kh1 Bd7 18. Qe2+ Re5 19. Qf3 0-0 20. Nh5 Nxh5 21. Qxh5 Qxd3 0-1

[Event "Sao Paulo op-C U1700 7th"]
[Site "Sao Paulo"]
[Date "2018.04.01"]
[Round "5"]
[White "Pereira Fo, Hildebrando Apolon"]
[Black "Weibull, Oscar Fritiof Torb"]
[Result "1-0"]
[WhiteElo "1594"]
[BlackElo "1483"]
[PlyCount "79"]
[EventDate "2018.03.30"]
[EventType "swiss"]
[EventRounds "6"]
[EventCountry "BRA"]
[SourceTitle "EXT 2021"]
[Source "ChessBase"]
[SourceDate "2020.10.23"]
[SourceVersion "1"]
[SourceVersionDate "2020.10.23"]
[SourceQuality "1"]

1. c4 c5 2. Nf3 Nc6 3. e3 Nf6 4. Nc3 e6 5. Be2 Be7 6. 0-0 0-0 7. d4 d5 8. a3 Ne4 9. Qc2 f5 10. cxd5 exd5 11. Nxd5 Be6 12. Nxe7+ Qxe7 13. Bc4 Bxc4 14. Qxc4+ Kh8 15. Bd2 Nxd2 16. Nxd2 cxd4 17. exd4 Rad8 18. Nf3 Qf6 19. Rad1 g5 20. Qc3 Rd5 21. Rd3 f4 22. h3 Qf5 23. Re1 g4 24. hxg4 Qxg4 25. Nh2 Qg6 26. f3 Qg3 27. Nf1 Qh4 28. Re2 Rff5 29. Qe1 Qxe1 30. Rxe1 Rxd4 31. Rxd4 Nxd4 32. Re8+ Kg7 33. Re7+ Rf7 34. Re4 Nb3 35. Rb4 Nc1 36. Nd2 a5 37. Rb6 Rc7 38. Ne4 Ne2+ 39. Kf2 Ng3 40. Nxg3 1-0

[Event "Sao Paulo op-C U1700 7th"]
[Site "Sao Paulo"]
[Date "2018.03.30"]
[Round "2"]
[White "Weibull, Oscar Fritiof Torb"]
[Black "Amaral, Danilo Tokechi"]
[Result "1-0"]
[WhiteElo "1483"]
[BlackElo "1188"]
[PlyCount "63"]
[EventDate "2018.03.30"]
[EventType "swiss"]
[EventRounds "6"]
[EventCountry "BRA"]
[SourceTitle "EXT 2021"]
[Source "ChessBase"]
[SourceDate "2020.10.23"]
[SourceVersion "1"]
[SourceVersionDate "2020.10.23"]
[SourceQuality "1"]

1. d4 Nf6 2. c4 g6 3. Nc3 Bg7 4. e4 d6 5. h3 0-0 6. Nf3 e5 7. d5 a5 8. Be3 Na6 9. a3 c5 10. Be2 Nc7 11. Qc2 Bd7 12. 0-0 Nfe8 13. g4 Nf6 14. Nd2 h5 15. f3 hxg4 16. hxg4 Nh7 17. Kg2 Bf6 18. Rh1 Kg7 19. Bh6+ Kg8 20. Bxf8 Qxf8 21. Rh2 Kg7 22. Rah1 Qg8 23. Rxh7+ Qxh7 24. Rxh7+ Kxh7 25. Na4 b5 26. Nb6 Rd8 27. Nxd7 Rxd7 28. cxb5 Rd8 29. Qa4 Ra8 30. b6 Bg5 31. Qc6 Bxd2 32. bxc7 1-0

[Event "Rio de Janeiro Motta Memorial 2nd"]
[Site "Rio de Janeiro"]
[Date "2018.03.06"]
[Round "3"]
[White "Weibull, Oscar Fritiof Torb"]
[Black "Gomes, Erick"]
[Result "1-0"]
[WhiteElo "1768"]
[BlackElo "1386"]
[PlyCount "109"]
[EventDate "2018.02.20"]
[EventType "swiss"]
[EventRounds "6"]
[EventCountry "BRA"]
[SourceTitle "CBM 183 Extra"]
[Source "ChessBase"]
[SourceDate "2018.04.19"]
[SourceVersion "1"]
[SourceVersionDate "2018.04.19"]
[SourceQuality "1"]

1. d4 Nf6 2. c4 c5 3. d5 e6 4. Nc3 d6 5. e4 a6 6. a4 Nbd7 7. Nf3 Nb6 8. a5 Nbd7 9. Bd3 b6 10. axb6 exd5 11. Nxd5 Nxd5 12. exd5 Nxb6 13. h3 Be7 14. 0-0 0-0 15. Bd2 Bf6 16. Ba5 Bd7 17. Qc2 Rb8 18. Bxh7+ Kh8 19. Bd3 Qc8 20. Kh2 g6 21. Qc1 Kg7 22. Bc3 Bxc3 23. Qxc3+ f6 24. Ng5 Na4 25. Rxa4 Bxa4 26. Ne6+ Kh7 27. Nxf8+ Qxf8 28. Qa5 Bd7 29. Qxa6 Rxb2 30. Qa3 Rd2 31. Bb1 Qe7 32. Qg3 f5 33. Qc3 Qe5+ 34. Qxe5 dxe5 35. Re1 Ba4 36. Rxe5 Rxf2 37. d6 Kg8 38. Rxc5 Rb2 39. Bd3 Rd2 40. Rd5 Bd7 41. c5 Kg7 42. Re5 Kf6 43. Re7 Bc6 44. Bf1 Rd1 45. Rc7 Be8 46. Be2 Rd2 47. Bf3 Ke6 48. Re7+ Kf6 49. Rxe8 Kf7 50. Re7+ Kf8 51. Bc6 f4 52. Re5 f3 53. Bxf3 Rb2 54. c6 Rb6 55. d7 1-0

[Event "Rio de Janeiro Alex U1600 1st"]
[Site "Rio de Janeiro"]
[Date "2018.01.06"]
[Round "2.1"]
[White "Weibull, Oscar Fritiof Torb"]
[Black "De Albuquerque, Ian Telek C"]
[Result "0-1"]
[WhiteElo "1436"]
[BlackElo "1508"]
[PlyCount "88"]
[EventDate "2018.01.05"]
[EventType "tourn"]
[EventRounds "5"]
[EventCountry "BRA"]
[SourceTitle "EXT 2022"]
[Source "ChessBase"]
[SourceDate "2021.10.06"]
[SourceVersion "1"]
[SourceVersionDate "2021.10.06"]
[SourceQuality "1"]

1. d4 Nf6 2. c4 g6 3. Nc3 d5 4. cxd5 Nxd5 5. e4 Nxc3 6. bxc3 Bg7 7. Be3 c5 8. Bc4 Nc6 9. Ne2 Qa5 10. 0-0 cxd4 11. cxd4 0-0 12. d5 Ne5 13. Bb3 Kh8 14. f4 Ng4 15. Bd2 Qc5+ 16. Kh1 Nf2+ 17. Rxf2 Qxf2 18. Rc1 Bg4 19. Bc4 Rac8 20. Qg1 Qxg1+ 21. Nxg1 b5 22. Bxb5 Rxc1 23. Bxc1 Rc8 24. Be3 Rc2 25. a4 a5 26. e5 Ra2 27. Bc5 Bf8 28. Bb6 Bd1 29. Bxa5 Bxa4 30. Bc4 Rc2 31. Bd3 Rc5 32. Bb6 Rxd5 33. Bc4 Rd2 34. Bxf7 Bc6 35. Nf3 Rd1+ 36. Bg1 Bh6 37. Bb3 Bxf3 38. gxf3 Rd3 39. Bc4 Rxf3 40. Bd4 Rxf4 41. Be3 Rxc4 42. Bxh6 Re4 43. Bd2 Kg8 44. Bc3 Kf7 0-1

[Event "Rio de Janeiro Andrade Memorial 1st"]
[Site "Rio de Janeiro"]
[Date "2017.06.18"]
[Round "5"]
[White "Weibull, Oscar Fritiof Torb"]
[Black "Leite, Tarcisio Dantas Fro"]
[Result "0-1"]
[WhiteElo "1451"]
[BlackElo "1643"]
[PlyCount "32"]
[EventDate "2017.06.15"]
[EventType "swiss"]
[EventRounds "6"]
[EventCountry "BRA"]
[SourceTitle "EXT 2018"]
[Source "ChessBase"]
[SourceDate "2017.10.13"]
[SourceVersion "1"]
[SourceVersionDate "2017.10.13"]
[SourceQuality "1"]

1. d4 d5 2. Nf3 Nf6 3. e3 e6 4. Bd3 Be7 5. 0-0 0-0 6. Nbd2 h6 7. Ne5 c5 8. c3 Bd7 9. f4 Nc6 10. Kh1 a6 11. g4 g5 12. h4 Nxe5 13. fxe5 Ne4 14. Bxe4 dxe4 15. Nxe4 Bc6 16. Qc2 Qd5 0-1

[Event "Rio de Janeiro Andrade Memorial 1st"]
[Site "Rio de Janeiro"]
[Date "2017.06.17"]
[Round "3"]
[White "Gomes, Pedro Pessoa"]
[Black "Weibull, Oscar Fritiof Torb"]
[Result "1-0"]
[WhiteElo "1609"]
[BlackElo "1451"]
[PlyCount "61"]
[EventDate "2017.06.15"]
[EventType "swiss"]
[EventRounds "6"]
[EventCountry "BRA"]
[SourceTitle "EXT 2018"]
[Source "ChessBase"]
[SourceDate "2017.10.13"]
[SourceVersion "1"]
[SourceVersionDate "2017.10.13"]
[SourceQuality "1"]

1. c4 c5 2. Nc3 Nc6 3. g3 Nf6 4. Bg2 e6 5. Nf3 d5 6. cxd5 Nxd5 7. 0-0 Be7 8. a3 0-0 9. Qc2 Re8 10. Rd1 Nd4 11. Nxd4 cxd4 12. Nb5 Bd7 13. Nxd4 Nb6 14. b3 Rc8 15. Qe4 Nd5 16. Bb2 Bf6 17. f4 Bxd4+ 18. Qxd4 Nf6 19. g4 Rc2 20. g5 Nh5 21. e3 Qe7 22. Bf3 e5 23. Qxe5 Rxb2 24. Qxb2 g6 25. Rac1 Qe6 26. Qd4 Rd8 27. Rc7 Qh3 28. Bg2 Qg4 29. Rdc1 Ng7 30. Rxd7 Rxd7 31. Rc8+ 1-0

[Event "Rio de Janeiro Andrade Memorial 1st"]
[Site "Rio de Janeiro"]
[Date "2017.06.15"]
[Round "1"]
[White "Lima, Juarez Antonio A de"]
[Black "Weibull, Oscar Fritiof Torb"]
[Result "1-0"]
[WhiteElo "1897"]
[BlackElo "1451"]
[PlyCount "49"]
[EventDate "2017.06.15"]
[EventType "swiss"]
[EventRounds "6"]
[EventCountry "BRA"]
[SourceTitle "EXT 2018"]
[Source "ChessBase"]
[SourceDate "2017.10.13"]
[SourceVersion "1"]
[SourceVersionDate "2017.10.13"]
[SourceQuality "1"]

1. e4 e5 2. Nc3 Nc6 3. d3 Nf6 4. Nf3 Bc5 5. Be2 h6 6. 0-0 d6 7. a3 Bg4 8. Nd5 Bxf3 9. Nxf6+ Qxf6 10. Bxf3 Nd4 11. Bg4 Qg6 12. a4 h5 13. Bh3 Ne6 14. Qe1 Ng5 15. Bxg5 Qxg5 16. b4 Bb6 17. a5 Bd4 18. c3 Qf6 19. cxd4 g5 20. dxe5 dxe5 21. Bf5 Rd8 22. Qc3 c6 23. Rfd1 Rd4 24. b5 Rh6 25. Qc5 1-0

[Event "Florianopolis op 3rd"]
[Site "Florianopolis"]
[Date "2017.01.20"]
[Round "1"]
[White "Da Silva Junior, Marco Aurelio"]
[Black "Weibull, Oscar Fritiof Torb"]
[Result "1-0"]
[WhiteElo "1711"]
[BlackElo "1452"]
[PlyCount "57"]
[EventDate "2017.01.20"]
[EventType "swiss"]
[EventRounds "10"]
[EventCountry "BRA"]
[SourceTitle "CBM 176 Extra"]
[Source "ChessBase"]
[SourceDate "2017.03.02"]
[SourceVersion "1"]
[SourceVersionDate "2017.03.02"]
[SourceQuality "1"]

1. b4 e5 2. Bb2 e4 3. e3 Nf6 4. a3 d5 5. c4 Be6 6. cxd5 Bxd5 7. Nc3 Be6 8. Bb5+ c6 9. Ba4 b5 10. Bc2 a5 11. bxa5 Rxa5 12. Nxe4 Nxe4 13. Bxe4 Ra4 14. Bc2 Ra8 15. Nf3 Nd7 16. 0-0 Nf6 17. Nd4 Bd5 18. Re1 Ne4 19. d3 Nxf2 20. Kxf2 Qh4+ 21. Kg1 Bxg2 22. Kxg2 Bd6 23. Rh1 0-0 24. Qf3 Rae8 25. Nf5 Qg5+ 26. Kf2 Be5 27. Rag1 Qf6 28. Rxg7+ Kh8 29. Rxh7+ 1-0

[Event "Rio de Janeiro Padua Memorial 1st"]
[Site "Rio de Janeiro"]
[Date "2016.10.23"]
[Round "3"]
[White "Weibull, Oscar Fritiof Torb"]
[Black "Petrenko, Willy"]
[Result "0-1"]
[WhiteElo "1435"]
[BlackElo "1913"]
[PlyCount "62"]
[EventDate "2016.10.22"]
[EventType "swiss"]
[EventRounds "6"]
[EventCountry "BRA"]
[SourceTitle "EXT 2018"]
[Source "ChessBase"]
[SourceDate "2017.10.13"]
[SourceVersion "1"]
[SourceVersionDate "2017.10.13"]
[SourceQuality "1"]

1. d4 Nf6 2. c4 e6 3. Nc3 d5 4. Nf3 h6 5. a3 Be7 6. Bf4 0-0 7. e3 a6 8. c5 Nh5 9. Bd3 Nxf4 10. exf4 Nc6 11. 0-0 f5 12. Bc2 b6 13. b4 Bf6 14. Rb1 b5 15. a4 Na7 16. Ne5 Qe8 17. Kh1 Bd7 18. Ra1 Nc6 19. axb5 Nxb4 20. c6 Bc8 21. Bd3 Rb8 22. bxa6 Bxe5 23. fxe5 Qxc6 24. a7 Ra8 25. Rc1 Nxd3 26. Qxd3 Ba6 27. Qd1 Bxf1 28. Qxf1 Qb6 29. Nb5 c6 30. Nd6 Rxa7 31. Qd3 Qb2 0-1

[Event "Rio de Janeiro Padua Memorial 1st"]
[Site "Rio de Janeiro"]
[Date "2016.10.22"]
[Round "1"]
[White "Weibull, Oscar Fritiof Torb"]
[Black "Soares, Joao Carlos TC"]
[Result "1-0"]
[WhiteElo "1435"]
[BlackElo "1964"]
[PlyCount "79"]
[EventDate "2016.10.22"]
[EventType "swiss"]
[EventRounds "6"]
[EventCountry "BRA"]
[SourceTitle "EXT 2018"]
[Source "ChessBase"]
[SourceDate "2017.10.13"]
[SourceVersion "1"]
[SourceVersionDate "2017.10.13"]
[SourceQuality "1"]

1. d4 f5 2. Nc3 Nf6 3. Bg5 d5 4. Bxf6 exf6 5. a3 c6 6. e3 Bd6 7. Bd3 Be6 8. Nh3 Qc7 9. f4 Nd7 10. 0-0 0-0 11. b4 a5 12. b5 c5 13. Re1 Rfe8 14. Na4 c4 15. Be2 Nb6 16. Nc3 a4 17. Kh1 Qe7 18. Qc1 Bc7 19. Qd1 Nc8 20. Nb1 Nd6 21. Rg1 Bd7 22. Nc3 Qf7 23. Bf3 Ne4 24. Bxe4 fxe4 25. g4 Ba5 26. Ne2 Bxb5 27. c3 Bd7 28. Qf1 Ra6 29. f5 Rb6 30. Rb1 Rb3 31. Nhf4 b6 32. Qh3 Rxa3 33. g5 fxg5 34. Rxg5 Re7 35. Rbg1 Bxc3 36. Rh5 Kf8 37. Rxh7 Qxf5 38. Rh8+ Kf7 39. Rxg7+ Kxg7 40. Qh6+ 1-0

[Event "Rio de Janeiro Alex op"]
[Site "Rio de Janeiro"]
[Date "2016.06.19"]
[Round "6"]
[White "Oliveira da Silva, Claudio"]
[Black "Weibull, Oscar Fritiof Torb"]
[Result "1-0"]
[WhiteElo "1860"]
[BlackElo "1540"]
[PlyCount "101"]
[EventDate "2016.06.12"]
[EventType "swiss"]
[EventRounds "6"]
[EventCountry "BRA"]
[SourceTitle "CBM 173 Extra"]
[Source "ChessBase"]
[SourceDate "2016.08.29"]
[SourceVersion "1"]
[SourceVersionDate "2016.08.29"]
[SourceQuality "1"]

1. c4 c5 2. Nc3 Nf6 3. Nf3 e6 4. d3 Nc6 5. g3 Be7 6. Bg2 0-0 7. 0-0 d5 8. Bf4 d4 9. Nb5 Ne8 10. Na3 f6 11. Nc2 e5 12. Bd2 Bg4 13. a3 a5 14. a4 b6 15. Nh4 Rc8 16. Bd5+ Kh8 17. f4 f5 18. Ng2 Nf6 19. Be6 Rc7 20. fxe5 Nxe5 21. Bxf5 Bxf5 22. Rxf5 Nf7 23. e4 dxe3 24. Bxe3 Qd7 25. Qf1 Nd6 26. Rf3 Rcc8 27. b3 Qh3 28. Nf4 Qd7 29. d4 Nf5 30. d5 Nxe3 31. Nxe3 Ne4 32. Rd1 Ng5 33. Rf2 Rxf4 34. Rxf4 Nh3+ 35. Kg2 Nxf4+ 36. Qxf4 Rf8 37. Qe4 Bg5 38. Ng4 Re8 39. Rf1 Kg8 40. Qf5 Qe7 41. h4 Bf6 42. Nxf6+ gxf6 43. Qxf6 Qe2+ 44. Rf2 Qe4+ 45. Qf3 Qxf3+ 46. Rxf3 Rf8 47. Rxf8+ Kxf8 48. Kf3 Ke7 49. g4 h6 50. g5 hxg5 51. h5 1-0